Dlouhé stíny /
Soubor temných až mrazivých povídek od českých autorů. Ve všech nalezneme staré křivdy, temné hříchy i nechutná tajemství.
Uloženo v:
| Hlavní autor: | |
|---|---|
| Další autoři: | , , , , , , , , , |
| Médium: | Kniha |
| Jazyk: | Czech |
| Vydáno: |
Praha :
Euromedia Group,
2026
|
| Vydání: | Vydání první |
| Edice: | Mystery & thriller
|
| Témata: | |
| Celkem bylo vypůjčeno: | 0x |
| Tagy: |
Žádné tagy |
| LEADER | 03658nam a2200709 i 4500 | ||
|---|---|---|---|
| 001 | 106687 | ||
| 003 | CZ PrNK | ||
| 005 | 20260630153716.0 | ||
| 007 | ta | ||
| 008 | 260415s2026 xr g 000 j cze | ||
| 015 | |a cnb003743836 | ||
| 020 | |a 9788028414948 |q (vázáno) | ||
| 040 | |a ABG001 |b cze |d OLA001 |e rda | ||
| 072 | 7 | |a 821.162.3-3 |x Česká próza |2 Konspekt |9 25 | |
| 080 | |a 821.162.3-32 |2 MRF | ||
| 080 | |a 82-322.4 |2 MRF | ||
| 080 | |a (437.3) |2 MRF | ||
| 080 | |a (0:82-322.4) |2 MRF | ||
| 080 | |a (082.21) |2 MRF | ||
| 100 | 1 | |a Surmanová, Kateřina, |d 1984- |7 ola2011619666 |4 aut |9 113621 | |
| 245 | 1 | 0 | |a Dlouhé stíny / |c Kateřina Surmanová, Petra Klabouchová, Lukáš Vavrečka, Iva Hadj Moussa, Anna Bolavá, Veronika Fiedlerová, Daniel Gris, Dalibor Vácha, Lucie Lukačovičová, Jiří Březina, Kristina Hlaváčková |
| 250 | |a Vydání první | ||
| 264 | 1 | |a Praha : |b Euromedia Group, |c 2026 | |
| 300 | |a 317 stran ; |c 21 cm | ||
| 336 | |a text |b txt |2 rdacontent | ||
| 337 | |a bez média |b n |2 rdamedia | ||
| 338 | |a svazek |b nc |2 rdacarrier | ||
| 490 | 1 | |a Mystery & thriller | |
| 500 | |a "Vydala Euromedia Group, a.s., v edici Kalibr"--Tiráž | ||
| 505 | 0 | 0 | |t Černé stopy, bílý sníh / |r Kateřina Surmanová -- |t Země zemi, voda vodě, oheň ohni / |r Petra Klabouchová -- |t Nejlíp jim bylo / |r Lukáš Vavrečka -- |t Kočičí svědek / |r Iva Hadj Moussa -- |t Nejkrásnějším skupenstvím vody je led / |r Anna Bolavá -- |t Modlitba za Mariku / |r Veronika Fiedlerová -- |t Fotvora / |r Daniel Gris -- |t Stavros / |r Dalibor Vácha -- |t Zahalený viselec / |r Lucie Lukačovičová -- |t Věc za dveřmi / |r Jiří Březina -- |t Rodinné dědictví / |r Kristina Hlaváčková |
| 520 | 2 | |a Soubor temných až mrazivých povídek od českých autorů. Ve všech nalezneme staré křivdy, temné hříchy i nechutná tajemství. | |
| 648 | 7 | |a 21. století |7 ch460559 |2 czenas |9 52889 | |
| 650 | 0 | 7 | |a česká povídka |7 ph128146 |y 21. století |2 czenas |
| 650 | 0 | 7 | |a horor (povídka) |7 ph1267023 |y 21. století |z Česko |2 czenas |
| 650 | 0 | 7 | |a thriller (povídka) |7 ph441056 |y 21. století |z Česko |2 czenas |
| 650 | 0 | 9 | |a Czech short stories |y 21st century |2 eczenas |
| 650 | 0 | 9 | |a horror short stories |y 21st century |z Czechia |2 eczenas |
| 650 | 0 | 9 | |a thriller (short stories) |y 21st century |z Czechia |2 eczenas |
| 655 | 7 | |a české povídky |7 fd133971 |2 czenas |9 54028 | |
| 655 | 7 | |a horory (povídky) |7 fd132417 |2 czenas |9 53627 | |
| 655 | 7 | |a thrillery (povídky) |7 fd133702 |2 czenas | |
| 655 | 7 | |a antologie |7 fd131819 |2 czenas |9 53426 | |
| 655 | 9 | |a Czech short stories |2 eczenas | |
| 655 | 9 | |a horror tales |2 eczenas | |
| 655 | 9 | |a thrillers (short stories) |2 eczenas | |
| 655 | 9 | |a anthology |2 eczenas | |
| 700 | 1 | |a Klabouchová, Petra, |d 1980- |7 ola2006345384 |4 aut |9 5532 | |
| 700 | 1 | |a Vavrečka, Lukáš, |d 1987- |7 xx0039012 |4 aut |4 edt |9 25018 | |
| 700 | 1 | |a Hadj Moussa, Iva, |d 1979- |7 js20070622001 |4 aut |9 113769 | |
| 700 | 1 | |a Bolavá, Anna, |d 1981- |7 xx0166464 |4 aut |9 26627 | |
| 700 | 1 | |a Fiedlerová, Veronika, |d 1985- |7 xx0260274 |4 aut | |
| 700 | 1 | |a Gris, Daniel, |d 1973- |7 xx0252445 |4 aut |9 116919 | |
| 700 | 1 | |a Vácha, Dalibor, |d 1980- |7 js20090521011 |4 aut |9 25240 | |
| 700 | 1 | |a Lukačovičová, Lucie, |d 1980- |7 jo2004232808 |4 aut |9 5557 | |
| 700 | 1 | |a Březina, Jiří, |d 1980- |7 xx0114321 |4 aut | |
| 700 | 1 | |a Hlaváčková, Kristina, |d 1979- |7 ola2014810204 |4 aut |9 110330 | |
| 710 | 2 | |a Kalibr (nakladatelství) |7 ko20261289695 |4 pbl |9 117203 | |
| 830 | 0 | |a Mystery & thriller | |
| 910 | |a UOG502 | ||
| 942 | |2 ddc |c KN | ||
| 999 | |d 106687 | ||
| 993 | |0 0 |1 421180107412 |2 ddc |4 0 |7 0 |9 100190 |b 0 |c 107412 |d 2026-06-30 |e 0 |f DOSP |h 399.00 |i Koupě |l DOSP |r 2026-06-30 |t 6 |w 2026-06-30 |y KN |z BELET |n | ||